000
00320nam a2200133Ia 4500
005
20251222144909.0
008
251222s9999||||xx |||||||||||||| ||spa||
020
_a
84-254-1632-9
082
_a
236.09/L29
100
_a
Laurentin, René
245
0
_a
Un Año de Gracia con María:
264
_b
Barcelona
942
_c
LIB
999
_c
22260
_d
22260